000 00473nam a2200193 a 4500
001 1764920667336
003 ACL
005 20251205131612.0
008 251205s2004##################000#0#eng##
020 _a9780126836301
082 0 4 _a629.4113
_bTAP
100 1 _aSchutz, Bob,
_eauthor.
245 1 0 _aStatistical Orbit Determination :
260 _bAcademic Press,
_c2004.
300 _a547 pages
650 0 _aScience.
942 _cENGLISH
040 _aACL
_beng
_cACL
999 _c600340
_d600340